000 00791cam a22002771 4500
001 31052
003 BD-RjUL
005 20211209051644.0
008 140413s1921 enk 001 0 eng d
035 _a(BD-RjUL)31139
035 _a(OCoLC)5930092
040 _aDLC
_cMoRM
_dOCoLC
_dDLC
_dBD-RjUL
_beng
041 _aeng
082 0 0 _a231
_bGOB 1921
100 1 _aGore, Charles,
_d1853-1932.
_991674
245 1 0 _aBelief in God /
_cby Charles Gore.
260 _aLondon :
_bJohn Murray,
_c1921.
300 _a300 p. ;
_c18 cm.
490 0 _aPelican books. [A47]
500 _a"First published November 1921; published in Pelican books 1939."
504 _aIncludes Index
650 0 _aGod
_xProof.
_994408
942 _2ddc
_cBK
999 _c31052
_d31052